书目信息 |
| 题名: |
模式识别
|
|
| 作者: | 杨光正 编 | |
| 分册: | ||
| 出版信息: | 合肥 中国科学技术大学出版社 2003 |
|
| 页数: | 230页 | |
| 开本: | 20cm | |
| 丛书名: | ||
| 单 册: | ||
| 中图分类: | O235 | |
| 科图分类: | ||
| 主题词: | 控制论--数学理论 , 信息论--数学理论 | |
| 电子资源: | ||
| ISBN: | 7-312-01254-X | |
| 000 | 00573nam0 2200205 450 | |
| 001 | 0629688937 | |
| 005 | 20061018081540.14 | |
| 010 | @a7-312-01254-X@dCNY20.00 | |
| 100 | @a20061018d2003 km y0chiy0120 ea | |
| 101 | 0 | @achi |
| 102 | @aCN@b340000 | |
| 200 | 1 | @a模式识别@Amo shi shi bie@f杨光正编@Fyang guang zheng bian |
| 210 | @a合肥@c中国科学技术大学出版社@d2003 | |
| 215 | @a230页@d20cm | |
| 606 | 0 | @a控制论@x数学理论 |
| 606 | 0 | @a信息论@x数学理论 |
| 690 | @aO235@v3 | |
| 701 | 0 | @a杨光正@Ayang guang zheng@4编 |
| 801 | 0 | @aCN@bPFT@c20061018 |
| 905 | @a10447@dO235@e39 | |
| 模式识别/杨光正编.-合肥:中国科学技术大学出版社,2003 |
| 230页;20cm |
| ISBN 7-312-01254-X:CNY20.00 |
| ● |
| 相关链接 |
|
|
|
|
正题名:模式识别
索取号:O235/39
 
预约/预借
| 序号 | 登录号 | 条形码 | 馆藏地/架位号 | 状态 | 备注 |
| 1 | 0502677 | 205026773 | 密集书库/ [索取号:O235/39] | 在馆 | |
| 2 | 0502678 | 205026782 | 密集书库/ [索取号:O235/39] | 在馆 | |
| 3 | 0502679 | 205026791 | 密集书库/ [索取号:O235/39] | 在馆 | |
| 4 | 0502680 | 205026808 | 密集书库/ [索取号:O235/39] | 在馆 |